| 000 | 01418nas a2200349 4500 | ||
|---|---|---|---|
| 001 | BR2011007741 | ||
| 003 | BR-BrBNA | ||
| 005 | 20231205115817.0 | ||
| 007 | ta | ||
| 008 | 230509b bl.|||p| |||| 00| 00por d | ||
| 040 |
_aBR-BrBNA _bpor _cBiblioteca Nacional de Agricultura |
||
| 041 | _a(Pt) | ||
| 072 | _aF50; K10 | ||
| 100 | 1 | _aMelo, M de F.F. | |
| 100 | 1 | _aVarela, V.P. | |
| 245 | 1 | _aAspectos morfológicos de frutos, sementes, germinação e plântulas de duas espécies florestais da Amazônia. I. Dinizia excelsa ducke (angelim-pedra). II. Cedrelinga catenaeformis ducke (cedrorana)- Leguminosae: Mimosoideae | |
| 246 | 1 | _aMorphological aspects of fruits, seeds, germination and seedlings of two amazonian timber species. I. Dinizia excelsa ducke (angelim-pedra). II. Cedrelinga catenaeformis ducke (cedrorana)- Leguminosae: Mimosoideae | |
| 650 | _aDINIZIA EXCELSA | ||
| 650 | _aANGELIM PEDRA | ||
| 650 | _aCEDRELINGA CATENAEFORMIS | ||
| 650 | _aCEDRORANA | ||
| 650 | _aMORFOLOGIA VEGETAL | ||
| 650 | _aFLORESTA | ||
| 650 | _aSEMENTE | ||
| 650 | _aGERMINAÇÃO | ||
| 650 | _aPLÂNTULA | ||
| 650 | _aFRUTO | ||
| 773 | 0 |
_tRevista Brasileira de Sementes (Brazil) _xISSN 0101-3122 _g(Apr 2006), v. 28(1) p. 54-62 _wBR2011007741 |
|
| 856 | 4 |
_uhttp://www.scielo.br/pdf/rbs/v28n1/a08v28n1.pdf _yRecurso eletrônico (PDF) |
|
| 909 |
_a202311 _bLúcia _c55 _dLúcia Elande |
||
| 942 |
_2AGRIS _n0 _cANA |
||
| 999 |
_c215815 _d215815 |
||